Normal view
MARC view
Entry Geographic Name
001 - CONTROL NUMBER
- control field: 43433
003 - CONTROL NUMBER IDENTIFIER
- control field: dpl
005 - DATE AND TIME OF LATEST TRANSACTION
- control field: 20120305124052.0
008 - FIXED-LENGTH DATA ELEMENTS
- fixed length control field: 120305|||a|||||| | ||| d
040 ## - CATALOGING SOURCE
- Original cataloging agency: dpl
- Transcribing agency: dpl
151 ## - HEADING--GEOGRAPHIC NAME
- Geographic name: Hampi (India)
- General subdivision: Antiquities.
670 ## - SOURCE DATA FOUND
- Source citation: Work cat.: (dpl): Sen Gupta, Subhadra 43382, Hampi :, 2011
670 ## - SOURCE DATA FOUND
- Source citation: Work cat.: (dpl): Sen Gupta, Subhadra 43382, Hampi :, 2011
